Entretiens sur la zoologie (Record no. 154026)

MARC details
000 -LEADER
campo de control de longitud fija 00982nam a22002535i 4500
001 - NÚMERO DE CONTROL
campo de control 154026
003 - IDENTIFICADOR DE NÚMERO DE CONTROL
campo de control ES-MaACL
005 - FECHA Y HORA DE LA ÚLTIMA TRANSACCIÓN
campo de control 20230906205502.0
008 - DATOS DE LONGITUD FIJA--INFORMACIÓN GENERAL
campo de control de longitud fija 040901s1838 fr af |||| | fre d
040 ## - FUENTE DE CATALOGACIÓN
Centro catalogador/agencia de origen CAM
Lengua de catalogación spa
Centro/agencia transcriptor CAM
100 1# - ENTRADA PRINCIPAL--NOMBRE DE PERSONA
Nombre de persona Fée, Antoine Laurent Apollinaire.
9 (RLIN) 49084
245 10 - MENCIÓN DEL TÍTULO
Título Entretiens sur la zoologie
Resto del título : oiseaux /
Mención de responsabilidad, etc. par A.L.A. Fée.
260 ## - PUBLICACIÓN, DISTRIBUCIÓN, ETC.
Lugar de publicación, distribución, etc. Paris ;
-- Strasbourg :
Nombre del editor, distribuidor, etc. chez F.G. Levrault,
Fecha de publicación, distribución, etc. 1838.
300 ## - DESCRIPCIÓN FÍSICA
Extensión 199, [1] p., III h. de lám. pleg. ;
Dimensiones 14 cm.
490 1# - MENCIÓN DE SERIE
Mención de serie Maitre Pierre ou Le savant de village
490 1# - MENCIÓN DE SERIE
Mención de serie Bibliothèque de l'instruction populaire ;
Designación de volumen o secuencia 36
650 04 - PUNTO DE ACCESO ADICIONAL DE MATERIA--TÉRMINO DE MATERIA
Término de materia o nombre geográfico como elemento de entrada Aves.
9 (RLIN) 135654
650 #4 - PUNTO DE ACCESO ADICIONAL DE MATERIA--TÉRMINO DE MATERIA
Término de materia o nombre geográfico como elemento de entrada Ornitología.
9 (RLIN) 136637
740 01 - ENTRADA AGREGADA--TÍTULO RELACIONADO/ANALÍTICO NO CONTROLADO
Título relacionado o analítico no controlado Maitre Pierre ou Le savant de village.
830 0# - PUNTO DE ACCESO ADICIONAL DE SERIE-TÍTULO UNIFORME
Título uniforme Maitre Pierre ou Le savant de village
9 (RLIN) 187710
830 0# - PUNTO DE ACCESO ADICIONAL DE SERIE-TÍTULO UNIFORME
Título uniforme Bibliothèque de l'instruction populaire ;
Designación de volumen o secuencia 36
9 (RLIN) 187711
852 ## - LOCALIZACIÓN
Ubicación ES-MaACL
Número de control de estantería D-5203(2)
Nota libre -- Enc. hol.
Encuadernación -- Edic.: en el lomo consta : Instruction populaire
Holdings
Estatus retirado Estado de pérdida Fuente del sistema de clasificación o colocación Estado de daño No para préstamo Colección Biblioteca de origen Biblioteca actual Ubicación en estantería Fecha de adquisición Número de inventario Total de préstamos Signatura topográfica completa Código de barras Visto por última vez Precio de reemplazo Tipo de ítem Koha
    Clasificación decimal universal     Libros del s. XIX Biblioteca del Ateneo de Madrid Biblioteca del Ateneo de Madrid Sala Valle Inclán 17/01/2008 R.M.9098/2   D-5203(2) 901161049 23/02/2023 23/02/2023 Libro impreso antiguo